MARC details
| 000 -CABECERA |
| campo de control de longitud fija |
00927nam a2200217 a 4500 |
| 001 - NÚMERO DE CONTROL |
| campo de control |
000016199 |
| 005 - FECHA Y HORA DE LA ÚLTIMA TRANSACCIÓN |
| campo de control |
20210625144102.0 |
| 008 - DATOS DE LONGITUD FIJA--INFORMACIÓN GENERAL |
| campo de control de longitud fija |
100301s20uu dr a 001 0 spa d |
| 020 ## - NÚMERO INTERNACIONAL ESTÁNDAR DEL LIBRO |
| Número Internacional Estándar del Libro |
9768160411 |
| 040 ## - FUENTE DE LA CATALOGACIÓN |
| Centro catalogador/agencia de origen |
DO-SdBNP |
| Lengua de catalogación |
spa |
| Centro/agencia transcriptor |
BNPHU |
| 049 ## - FONDOS LOCALES (OCLC) |
| Fondos de biblioteca |
BNPD |
| 111 2# - ENTRADA PRINCIPAL--NOMBRE DE CONGRESO/REUNIÓN |
| Nombre de congreso/reunión o jurisdicción como elemento de entrada |
Encuentro Latinoamericano Reforma del Estado y Descentralización |
| Fecha del congreso/reunión |
(28-29 nov. 1997 |
| Sede del congreso/Lugar de la reunión |
Santo Domingo) |
| 9 (RLIN) |
36242 |
| 245 10 - MENCIÓN DE TÍTULO |
| Título |
Hacia la descentralización del Estado en la República Dominicana. / |
| Mención de responsabilidad, etc. |
cuidado de la edición Darío Tejada. |
| 246 14 - FORMA VARIANTE DE TÍTULO |
| Título propio/Titulo breve |
Memorias del Encuentro Latinoamericano, Santo Domingo 1997 |
| 260 ## - PUBLICACIÓN, DISTRIBUCIÓN, ETC. |
| Lugar de publicación, distribución, etc. |
Santo Domingo : |
| Nombre del editor, distribuidor, etc. |
Comisión Ejecutiva para la Reforma del Sector Salud., |
| Fecha de publicación, distribución, etc. |
[200?] |
| Fabricante |
Impresel |
| 300 ## - DESCRIPCIÓN FÍSICA |
| Extensión |
198 p. : |
| Otras características físicas |
il. ; |
| Dimensiones |
22 cm. |
| 490 1# - MENCIÓN DE SERIE |
| Mención de serie |
Reforma y democracia |
| 700 1# - PUNTO DE ACCESO ADICIONAL--NOMBRE DE PERSONA |
| Nombre de persona |
Tejada, Darío |
| Término indicativo de función/relación |
ed. |
| 9 (RLIN) |
18722 |
| 710 2# - PUNTO DE ACCESO ADICIONAL--NOMBRE DE ENTIDAD CORPORATIVA |
| Nombre de entidad corporativa o nombre de jurisdicción como elemento de entrada |
Comisión Presidencial para la Reforma y Modernización del Estado |
| 9 (RLIN) |
36243 |
| 830 #0 - PUNTO DE ACCESO ADICIONAL DE SERIE-TÍTULO UNIFORME |
| Título uniforme |
Reforma y democracia |
| 9 (RLIN) |
36244 |